De dierlijke vijanden van het suikerriet en hunne parasieten /

Bibliographic Details
Main Author: Deventer, W. van
Format: Book
Language:Dutch
Published: Amsterdam : J.H. de Bussy, 1906.
Subjects:

MARC

Tag First Indicator Second Indicator Subfields
LEADER 00000cam a2200000 4500
001 in00000050639
005 20151007073810.0
008 800610s1906 ne af 00010 dut d
035 |a (OCoLC)06405340 
035 |9 AAF0406AM 
040 |a TXA  |c TXA  |d UtOrBLW 
049 |a TXAM  |c [101444] 
090 |a SB229.J3  |b D48 1906 
092 |a 590.9922  |b D489d 
100 1 |a Deventer, W. van. 
245 1 3 |a De dierlijke vijanden van het suikerriet en hunne parasieten /  |c door W. van Deventer ... 
264 1 |a Amsterdam :  |b J.H. de Bussy,  |c 1906. 
300 |a 296 pages :  |b illustrations plates (some color) diagrams 
336 |a text  |b txt  |2 rdacontent 
337 |a unmediated  |b n  |2 rdamedia 
338 |a volume  |b nc  |2 rdacarrier 
500 |a (Handboek ten dienste van de suikerrietcultuur en de rietsuiker-fabricage op Java. Tweede deel) 
650 0 |a Zoology  |z Indonesia  |z Java. 
999 |a MARS 
999 f f |s c511af03-1c7f-3c17-ac3c-f62be2c83fa0  |i 59fe60eb-71ad-312a-9243-3b1c7f64b4b8  |t 0 
952 f f |p ric  |a Texas A&M University  |b Rellis Campus  |c Joint Library Facility  |d Remote Storage  |t 0  |e SB229.J3 D48 1906  |h Library of Congress classification  |i unmediated -- volume  |m A14801005018 
998 f f |a SB229.J3 D48 1906  |t 0  |l Remote Storage